The night before valentine's day / (Record no. 4802)
[ view plain ]
| 000 -LEADER | |
|---|---|
| fixed length control field | 00912nam a22003017a 4500 |
| 001 - CONTROL NUMBER | |
| control field | 4802 |
| 003 - CONTROL NUMBER IDENTIFIER | |
| control field | FISKH |
| 005 - DATE AND TIME OF LATEST TRANSACTION | |
| control field | 20260226101424.0 |
| 008 - FIXED-LENGTH DATA ELEMENTS--GENERAL INFORMATION | |
| fixed length control field | 241014b cb ||||| |||| 00| 0 eng d |
| 020 ## - INTERNATIONAL STANDARD BOOK NUMBER | |
| International Standard Book Number | 9780448421889 |
| 040 ## - CATALOGING SOURCE | |
| Original cataloging agency | FISKH |
| Language of cataloging | eng |
| Transcribing agency | FISKH |
| Modifying agency | FISKH |
| 050 ## - LIBRARY OF CONGRESS CALL NUMBER | |
| Classification number | PZ8.W7185 |
| 082 ## - DEWEY DECIMAL CLASSIFICATION NUMBER | |
| Classification number | 394.261 |
| 100 ## - MAIN ENTRY--PERSONAL NAME | |
| Personal name | Wing, Natasha |
| Dates associated with a name | (1960-) |
| 245 ## - TITLE STATEMENT | |
| Title | The night before valentine's day / |
| Statement of responsibility, etc. | By Natasha Wing Illustrated by Heidi Petach |
| 250 ## - EDITION STATEMENT | |
| Edition statement | 2000 |
| 260 ## - PUBLICATION, DISTRIBUTION, ETC. | |
| Place of publication, distribution, etc. | Canada : |
| Name of publisher, distributor, etc. | Grosset&Dunlap, |
| Date of publication, distribution, etc. | 2000. |
| 300 ## - PHYSICAL DESCRIPTION | |
| Extent | 29 pages : |
| Other physical details | Color illustrations ; |
| Dimensions | 21cm |
| 505 ## - FORMATTED CONTENTS NOTE | |
| Formatted contents note | N<br/> |
| 520 ## - SUMMARY, ETC. | |
| Summary, etc. | In the tradition of "The Night Before Christmas," these rhymes outline the fun of Valentine's Day. |
| 521 8# - TARGET AUDIENCE NOTE | |
| Target audience note | 580L<br/> |
| Source | Lexile<br/> |
| 521 8# - TARGET AUDIENCE NOTE | |
| Target audience note | N<br/> |
| Source | Raz-Plus<br/> |
| 650 ## - SUBJECT ADDED ENTRY--TOPICAL TERM | |
| Source of heading or term | Valentine |
| Topical term or geographic name entry element | February |
| 650 ## - SUBJECT ADDED ENTRY--TOPICAL TERM | |
| Source of heading or term | Holiday |
| Topical term or geographic name entry element | School |
| 700 ## - ADDED ENTRY--PERSONAL NAME | |
| Personal name | Petach, Heidi |
| Dates associated with a name | Illustrator |
| 942 ## - ADDED ENTRY ELEMENTS (KOHA) | |
| Source of classification or shelving scheme | Dewey Decimal Classification |
| Koha item type | Books |
| Suppress in OPAC | No |
| Withdrawn status | Lost status | Source of classification or shelving scheme | Damaged status | Not for loan | Collection | Home library | Current library | Shelving location | Date acquired | Total Checkouts | Full call number | Barcode | Date last seen | Copy number | Price effective from | Koha item type |
|---|---|---|---|---|---|---|---|---|---|---|---|---|---|---|---|---|
| Dewey Decimal Classification | Fiction | Footprints International School Library Network Toul Kork Campus | Footprints International School Library Network Toul Kork Campus | TK Primary Library Room(4th Floor), Bookcase 3&4, Shelves 17-32, Yellow Books | 10/14/2024 | WIN 394.261 PZ8.W7185 | 2024-2142 | 10/14/2024 | 1 | 10/14/2024 | Books | |||||
| Dewey Decimal Classification | Juvenile Fiction | Footprints International School Library Network Toul Tom Poung Campus | Footprints International School Library Network Toul Tom Poung Campus | TTP Primary Yellow Bookshelves | 02/26/2026 | WIN 394.261 PZ8.W7185 | FIS02754 | 02/26/2026 | 2 | 02/26/2026 | Books |
